| 000 | 00435nam a22001457a 4500 | ||
|---|---|---|---|
| 008 | 230718b xxu||||| |||| 00| 0 eng d | ||
| 020 | _a9231026341 | ||
| 082 |
_a370 _bSAY |
||
| 100 | _cRaymond Sayegh | ||
| 245 |
_aInternational Yearbook of education _bThe Diversification of post-secondary education in relation to E,ployment _cVolume XLI-1989 |
||
| 260 |
_aFrance _bUNESCO _c1990 |
||
| 300 | _a167p | ||
| 440 | _vXLI | ||
| 942 |
_2ddc _cBK |
||
| 999 |
_c3992 _d3992 |
||